| 000 | 01260nam a22002897a 4500 | ||
|---|---|---|---|
| 001 | 7866 | ||
| 003 | FISKH | ||
| 005 | 20250812114150.0 | ||
| 008 | 250812b cb ||||| |||| 00| 0 eng d | ||
| 020 | _a9780590436908 | ||
| 040 |
_aFISKH _beng _cFISKH _dFISKH |
||
| 050 | _aPS3545.I345 O9 | ||
| 082 | _a812.52 | ||
| 100 |
_aWilder, Thornton _d(1897–1975) |
||
| 245 |
_aOur town : _bA play in three acts / _cThornton Wilder |
||
| 250 | _aThis edition first published in 1990 | ||
| 260 |
_aNew York : _bScholastic, _c1957 |
||
| 300 |
_a103 pages : _c18 cm |
||
| 505 | _aR | ||
| 520 | _aThis beautiful new edition features an eye-opening Afterword written by Tappan Wilder that includes Thornton Wilder's unpublished notes and other illuminating photographs and documentary material. Our Town was first produced and published in 1938 to wide acclaim. This Pulitzer Prize-winning drama of life in the small village of Grover's Corners, an allegorical representation of all life, has become a classic. It is Thornton Wilder's most renowned and most frequently performed play. | ||
| 521 | 8 |
_a670
_bLexile |
|
| 521 | 8 |
_aR
_bRaz-Plus |
|
| 650 |
_2Drama _aAmerican drama |
||
| 650 |
_2New Hampshire _aTheatre |
||
| 942 |
_2ddc _cBK _n0 |
||
| 999 |
_c7866 _d7866 |
||